| 000 | 00408 a2200157 4500 | ||
|---|---|---|---|
| 005 | 20250319135705.0 | ||
| 020 | _a0-697-00698-0 | ||
| 082 | _a515.93 WIL | ||
| 100 | _aWILLIAM,W.E. | ||
| 245 | _aFundamentals of Business Mathematics | ||
| 250 | _a4th Ed. | ||
| 260 |
_aLowa, _bBrown publishers, _c1987. |
||
| 300 |
_axii,596p.;Ill.;figures,table. _bIndex. _c23cm. |
||
| 700 | _aJAMES,H. REED. | ||
| 942 |
_2ddc _cBKS |
||
| 999 |
_c994 _d994 |
||